00768nam a2200241 a 4500001001300000003000900013005001700022008004100039020002300080082001800103100002500121245007300146260003500219300000900254500003500263650001900298650003300317700002500350902000800375942000700383952011900390999001700509nice12345678IN_TiNIC20260116014523.0100216s2009 dela grp 000 0 eng  a817824246X c69500a320.0954bSRI aSrinavasan, Vasanthi aGandhi, s Conscience Keeperb C. Rajagopalachari and Indian Politics aDelhi bPermanent Black c2009 a278p aincludes index and biblioraphy aPolitics-India aRajagopalachari C-Philosophy1 aSrinavasan, Vasanthi bSRS cBK 001040708StackRoom-aHMIbHMId2010-02-16g695.00l0o320.0954 SRIp023170r2010-02-16v695.00w2010-02-16yBK c15752d15752